"The development of atmospheric general circulation models : complexity, synthesis, and computation" (Record no. 467409)

MARC details
000 -LEADER
fixed length control field 00706nam a2200193Ia 4500
008 - FIXED-LENGTH DATA ELEMENTS--GENERAL INFORMATION
fixed length control field 210417s9999 xx 000 0 und d
020 ## - INTERNATIONAL STANDARD BOOK NUMBER
International Standard Book Number 9780521190060
-- 521190061
082 ## - DEWEY DECIMAL CLASSIFICATION NUMBER
Classification number 551.517 DON
Item number 22.551.517 DON
245 #0 - TITLE STATEMENT
Title "The development of atmospheric general circulation models : complexity, synthesis, and computation"
Statement of responsibility, etc. development of atmospheric general circulation models complexity synthesis and computation
250 ## - EDITION STATEMENT
Remainder of edition statement "xv, 255 p. : ill. ; hbk."
260 ## - PUBLICATION, DISTRIBUTION, ETC.
Place of publication, distribution, etc. Cambridge ; New York
Name of publisher, distributor, etc. Cambridge University Press
Date of publication, distribution, etc. 2011
700 ## - ADDED ENTRY--PERSONAL NAME
Personal name "Donner, Leo Joseph"
Numeration "edited by Leo Donner, Wayne Schubert, Richard Somerville."
Holdings
Withdrawn status Lost status Source of classification or shelving scheme Damaged status Not for loan Home library Current library Shelving location Date acquired Total Checkouts Full call number Barcode Date last seen Price effective from Koha item type
    Dewey Decimal Classification     Anna Centenary Library Anna Centenary Library 5TH FLOOR, A WING 17.04.2021   551.517 DON 583975 17.04.2021 17.04.2021 English Books

Find us on the map